00532nam a2200181 a 450000100100000000500170001000800410002702000150006804000130008308200180009610000330011424500540014726000430020130000280024450000320027265000150030470000310031900000181620240430192052.0090629s2006 cu a 001 spa d a9592112932 aDO-SdBNP a303.62bM538b1 aMéndez, José Luis,d194810aBajo las alas del Condor /cJosé Luis Méndez. aLa Habana,c2006.bCapitán San Luis. a187 p. :bil. ;c20 cm. alncluye datos biográficos 0aTerrorismo1 aCalloni, Stellaeprólogo